Hearts2Hearts - Member Picture Quiz - Statistics

General Stats
  • This quiz has been taken 133 times
  • The average score is 8 of 8
Answer Stats
Picture Answer % Correct
Carmen
99%
Juun
98%
Jiwoo
97%
Ian
96%
Stella
96%
Ye-on
96%
A-na
95%
Yuha
93%
No matching quizzes found
Score Distribution
Percent of People with Each Score
Percentile by Number Answered
Your Score History
You have not taken this quiz